An R and S-PLUS companion to multivariate analysis (Record no. 3891)

MARC details
000 -LEADER
fixed length control field 00549 a2200169 4500
000 - LEADER
fixed length control field BKB
001 - CONTROL NUMBER
control field 070445
005 - DATE AND TIME OF LATEST TRANSACTION
control field 20200902150830.0
008 - FIXED-LENGTH DATA ELEMENTS--GENERAL INFORMATION
fixed length control field
082 ## - DEWEY DECIMAL CLASSIFICATION NUMBER
Classification number 519.535
Item number E26R
100 1# - MAIN ENTRY--PERSONAL NAME
Personal name Everitt, Brian S.
245 1# - TITLE STATEMENT
Title An R and S-PLUS companion to multivariate analysis
Statement of responsibility, etc by Brian S. Everitt
260 ## - PUBLICATION, DISTRIBUTION, ETC. (IMPRINT)
Place of publication, distribution, etc New York
Name of publisher, distributor, etc Springer
Date of publication, distribution, etc 2007
300 ## - PHYSICAL DESCRIPTION
Extent 221p.
690 ## - LOCAL SUBJECT ADDED ENTRY--TOPICAL TERM (OCLC, RLIN)
Topical term or geographic name as entry element Multivariate analysis; R (Computer program language); S-Plus; Mathematical statistics; Statistics
964 ## -
--
-- ENG
--
--
--
--
--
Holdings
Withdrawn status Lost status Damaged status Not for loan Home library Current library Date acquired Cost, normal purchase price Total Checkouts Full call number Barcode Checked out Date last seen Price effective from Koha item type
        Central University Of Rajasthan Central University Of Rajasthan 07/03/2012 4411.05   519.535 E26R 5209 24/09/2014 02/09/2020 02/09/2020 Books
        Central University Of Rajasthan Central University Of Rajasthan 07/03/2012 4406.85   519.535 E26R 4732   21/11/2024 02/09/2020 Books